000 00481nam a2200169 a 4500
001 000042055
005 20201002035918.0
008 131112s2002 ck 000 0 spa d
020 _a9789584204103
040 _aDO-SdBNP
_bspa
_cBNPHU
082 _axxxxx
_bxxxxx
100 1 _aBryce Echenique, Alfredo
_969046
245 1 3 _aEl huerto de mi amada /
_cAlfredo Bryce Echenique.
260 _aBogotá :
_bPlaneta,
_c2002.
300 _a286 p. ;
_c23 cm.
586 _aPremio Planeta 2002
999 _c41544
_d41544